00597nam a22002058a 4500003000400000005001700004008004100021020001500062040002400077082002100101100001800122245005900140250000900199260004200208300002200250650002700272650003800299650002900337650002500366INP20260622100105.0120326s1965 uk frb 001 0 eng  a0712106499 aEG-INPcEG-INPbeng04221a341.7 bj d 1 aHanson, J.L..10aA Dictionary of economics and commerce / cJ.L.Hanson. a.6nd aLondon : bPitman Publishing, c1965. a393 p. ; c22 cm. 7aInternational economy. 7aInternational economic relations. 7aa dictionary of banking. 7aInternational Trade.